Diego Rivera (Record no. 1428)

MARC details
000 -CABECERA
campo de control de longitud fija 00694nam a2200193 a 4500
001 - NÚMERO DE CONTROL
campo de control BRCA_1621
005 - FECHA Y HORA DE LA ÚLTIMA TRANSACCIÓN
campo de control 20190320203500.0
008 - DATOS DE LONGITUD FIJA--INFORMACIÓN GENERAL
campo de control de longitud fija 160508s2007----mx-a---###---#000-0#spa-#
020 ## - NÚMERO INTERNACIONAL ESTÁNDAR DEL LIBRO
Número Internacional Estándar del Libro 9789685893640
050 #4 - SIGNATURA TOPOGRÁFICA DE LA BIBLIOTECA DEL CONGRESO
Número de clasificación ND259.R5
Número de documento/Ítem .E66 2007
245 10 - MENCIÓN DE TÍTULO
Título Diego Rivera
Resto del título epopeya mural.
260 ## - PUBLICACIÓN, DISTRIBUCIÓN, ETC.
Lugar de publicación, distribución, etc. México
Nombre del editor, distribuidor, etc. Landucci : INBA : CONACULTA
Fecha de publicación, distribución, etc. 2007
300 ## - DESCRIPCIÓN FÍSICA
Extensión 386 p.
Otras características físicas il. a color
Dimensiones 28 cm.
500 ## - NOTA GENERAL
Nota general Catálogo de la exposición realizada en el Palacio de Bellas Artes (Ciudad de México), 2007
500 ## - NOTA GENERAL
Nota general Incluye piezas de la colección Franz Mayer: p. 122 y 178
600 14 - PUNTO DE ACCESO ADICIONAL DE MATERIA--NOMBRE DE PERSONA
Nombre de persona Rivera, Diego
Fechas asociadas al nombre 1886-1957
Subdivisión de forma Exposiciones
9 (RLIN) 4891
650 14 - PUNTO DE ACCESO ADICIONAL DE MATERIA--TÉRMINO DE MATERIA
Término de materia o nombre geográfico como elemento de entrada pintura mural
Subdivisión cronológica Siglo XX
Subdivisión geográfica México
9 (RLIN) 5079
942 ## - ELEMENTOS DE PUNTO DE ACCESO ADICIONAL (KOHA)
Fuente del sistema de clasificación o colocación Library of Congress Classification
Tipo de ítem Koha Libros
Holdings
Estado de retiro Estado de pérdida Estado dañado No para préstamo Localización permanente Ubicación/localización actual Fecha de adquisición Total de préstamos Signatura topográfica completa Código de barras Fecha visto por última vez Precio válido a partir de Tipo de ítem Koha
El ejemplar forma parte de la colección y puede ser consultado según las políticas vigentes.       Biblioteca del Museo Franz Mayer (Rogerio Casas-Alatriste) Biblioteca del Museo Franz Mayer (Rogerio Casas-Alatriste) 26/06/2008   ND259.R5 .E66 2007 02175 22/03/2019 22/03/2019 Libros